• 首页
  • 本馆介绍
  • 公告通知
  • 最新文献
  • 馆藏检索
  • 电子资源
  • 读者导购
  • 参考咨询
  • 我的图书馆
  • 登录
  • 详细信息显示
  • 放入我的书架
  • 预约/预借图书
  • 作者相关作品
  • 分类相关作品
  • 丛书相关作品
  • 出版社相关作品

书目信息

  • 表格格式
  • 工作单格式
  • 卡片格式
题名:
酶化学
    
 
作者: 李树本 编著
分册:  
出版信息: 北京   化学工业出版社  2008
页数: 183页
开本: 24cm
丛书名: 21世纪化学丛书
单 册:
中图分类: Q55
科图分类:
主题词: 酶学
电子资源:
ISBN: 978-7-122-01907-3
000 00955oam2 2200277 45
001 1356825734
005 20130515094950.51
010    @a978-7-122-01907-3@dCNY29.00
100    @a20130108d2008 em y0chiy50 ea
101 0  @achi
102    @aCN@b110000
105    @ay z 000yy
106    @ar
200 1  @a酶化学@AMei Hua Xue@f李树本等编著@FLi Shu Ben Deng Bian Zhu
210    @a北京@c化学工业出版社@d2008
215    @a183页@d24cm
225 2  @a21世纪化学丛书
312    @a封面英文题名:Chenical lndustry press
330    @a本书共分九章,包括酶化学的发展历史及研究范围、甲烷与分子氧活化的生物催化基础、甲烷单加氧酶的结构与反应化学、细胞色素P450的结构与功能、单加氧酶催化功能的化学模拟、人工光合作用等。
461  0 @12001 @a21世纪化学丛书
510 1  @aChemical lndustry press@zeng
606 0  @a酶学
690    @aQ55@v5
701  0 @a李树本@ALi Shu Ben@f(1937.6~)@4编著
801    @aCN@bTANGWEI@c20130108
905    @b0830086-90@dQ55@e194@f5
    
    酶化学/李树本等编著.-北京:化学工业出版社,2008
    183页;24cm.-(21世纪化学丛书)
    
    
    ISBN 978-7-122-01907-3:CNY29.00
    本书共分九章,包括酶化学的发展历史及研究范围、甲烷与分子氧活化的生物催化基础、甲烷单加氧酶的结构与反应化学、细胞色素P450的结构与功能、单加氧酶催化功能的化学模拟、人工光合作用等。
●
相关链接 在E读中查询图书 在五车中查询图书 在当当中查询图书 在豆瓣中查询图书


正题名:酶化学     索取号:Q55/194         预约/预借

序号 登录号 条形码 馆藏地/架位号 状态 备注
1 0830086   208300863   第二样本阅览室/ [索取号:Q55/194] 在馆    
2 0830087   208300872   第三借阅区/ [索取号:Q55/194] 在馆    
3 0830088   208300881   第三借阅区/ [索取号:Q55/194] 在馆    
4 0830089   208300890   第三借阅区/ [索取号:Q55/194] 在馆    
5 0830090   208300907   第三借阅区/ [索取号:Q55/194] 在馆    
唐山师范学院图书馆 欢迎您!
大连网信软件有限公司© 版权所有